| 000 | 01416cam a22003857a 4500 | ||
|---|---|---|---|
| 003 | CHAP | ||
| 005 | 20220329142830.0 | ||
| 008 | 040603d2003 mx ab r 00110 spa d | ||
| 010 | _a88419 | ||
| 011 | _a89391 | ||
| 035 | _a99942 | ||
| 040 | _cCHAP | ||
| 090 | _aTesis | ||
| 100 | 0 | 0 |
_aGranados Damián, María del Rosario. _950348 |
| 245 | 1 | 0 |
_aCalidad del suelo y estado nutrimental del género Pinus en la vertiente occidental del Iztaccíhuatl y Popocatépetl _c/por María del Rosario Granados Damián |
| 260 |
_aMéxico, D.F. : _bEl autor, _c2003. |
||
| 300 |
_a102 h. : _bilus. ; mapas |
||
| 502 | _aTesis (Bióloga) -- Universidad Nacional Autónoma de México. Facultad de Estudios Superiores Zaragoza | ||
| 590 |
_aALEPH _b10 _c20130110 _lUCH01 _h1458 |
||
| 590 |
_aBATCH-UPD _b10 _c20130110 _lUCH01 _h0835 |
||
| 590 |
_aBATCH-UPD _b10 _c20130410 _lUCH01 _h0513 |
||
| 590 |
_aBATCH-UPD _b10 _c20130914 _lUCH01 _h1659 |
||
| 590 |
_aCONVERSION _b10 _c20130109 _lUCH01 _h1349 |
||
| 650 | 1 | 4 |
_aIztaccihuatl. _960767 |
| 650 | 1 | 4 |
_aParque Nacional Iztaccihuatl - Popocatépetl. _985683 |
| 650 | 1 | 4 |
_aPinus. _988318 |
| 650 | 1 | 4 |
_aPopocatepetl. _990894 |
| 650 | 1 | 4 |
_aSuelos forestales. _9110548 |
| 650 | 1 | 4 |
_aSuelos _xAnálisis. _9110204 |
| 650 | 1 | 4 |
_aSuelos _xComposición. _9110280 |
| 901 | _aBK | ||
| 905 | _aAlejandra Carrasco M. | ||
| 942 | _cTESIS | ||
| 949 |
_aTesis _bBC _cTES _d99942 _eTS1 _h41971 _i99942 _sb |
||
| 999 |
_c88419 _d88419 |
||